Mathematical methods in chemical engineering (Record no. 25039)

000 -LEADER
fixed length control field 00548nam a22002051 4500
001 - CONTROL NUMBER
control field 25039
003 - CONTROL NUMBER IDENTIFIER
control field BD-DhUET
008 - FIXED-LENGTH DATA ELEMENTS--GENERAL INFORMATION
fixed length control field 730313s1963 xx 000 0 eng
040 ## - CATALOGING SOURCE
Original cataloging agency DLC
Transcribing agency OClU
Modifying agency BD-DhUET
082 ## - DEWEY DECIMAL CLASSIFICATION NUMBER
Classification number 660.28
Item number JEN/1963
100 ## - MAIN ENTRY--PERSONAL NAME
Personal name Jenson, V. G.
245 10 - TITLE STATEMENT
Title Mathematical methods in chemical engineering
250 ## - EDITION STATEMENT
Edition statement 1st ed.
260 ## - PUBLICATION, DISTRIBUTION, ETC. (IMPRINT)
Place of publication, distribution, etc. London
Name of publisher, distributor, etc. Academic Press
Date of publication, distribution, etc. 1963
300 ## - PHYSICAL DESCRIPTION
Extent xi, 556 p.
Other physical details illus.
Dimensions 24cm.
504 ## - BIBLIOGRAPHY, ETC. NOTE
Bibliography, etc Includes bibliographies
650 #0 - SUBJECT ADDED ENTRY--TOPICAL TERM
Topical term or geographic name as entry element Chemical engineering
700 ## - ADDED ENTRY--PERSONAL NAME
Personal name Jeffreys, G. V.
942 ## - ADDED ENTRY ELEMENTS (KOHA)
Koha item type General Book
Holdings
Koha full call number Copy number Piece designation (barcode) Lost status Withdrawn status Source of classification or shelving scheme Price effective from Not for loan Koha normalized classification for sorting Sublocation or collection (holding branch) Damaged status Koha item type Shelving location Location (home branch) Koha date last seen Date acquired
660.28/JEN/1963122438   2015-05-12 660_280000000000000_JEN_1963Central Library, BUET General BookCirculation sectionCentral Library, BUET2015-05-122015-05-12
660.28/JEN/1963222440   2015-05-12 660_280000000000000_JEN_1963Central Library, BUET General BookCirculation sectionCentral Library, BUET2015-05-122015-05-12
660.28/JEN/1963322434   2015-05-12 660_280000000000000_JEN_1963Central Library, BUET General BookCirculation sectionCentral Library, BUET2015-05-122015-05-12
660.28/JEN/1963422432   2015-05-18 660_280000000000000_JEN_1963Central Library, BUET General BookCirculation sectionCentral Library, BUET2015-05-182015-05-18
660.28/JEN/1963522435   2015-05-18 660_280000000000000_JEN_1963Central Library, BUET General BookCirculation sectionCentral Library, BUET2015-05-182015-05-18
660.28/JEN/1963629450   2015-05-18 660_280000000000000_JEN_1963Central Library, BUET General BookCirculation sectionCentral Library, BUET2015-05-182015-05-18
660.28/JEN/1963729449   2015-05-18 660_280000000000000_JEN_1963Central Library, BUET General BookCirculation sectionCentral Library, BUET2015-05-182015-05-18
660.28/JEN/1963829448   2015-05-18 660_280000000000000_JEN_1963Central Library, BUET General BookCirculation sectionCentral Library, BUET2015-05-182015-05-18
660.28/JEN/1963929457   2015-05-18 660_280000000000000_JEN_1963Central Library, BUET General BookCirculation sectionCentral Library, BUET2015-05-182015-05-18
660.28/JEN/19631029454   2015-05-18 660_280000000000000_JEN_1963Central Library, BUET General BookCirculation sectionCentral Library, BUET2015-05-182015-05-18
660.28/JEN/19631129453   2015-05-18 660_280000000000000_JEN_1963Central Library, BUET General BookCirculation sectionCentral Library, BUET2015-05-182015-05-18
660.28/JEN/19631229451   2015-05-18 660_280000000000000_JEN_1963Central Library, BUET General BookCirculation sectionCentral Library, BUET2015-05-182015-05-18
660.28/JEN/19631322431   2015-05-18 660_280000000000000_JEN_1963Central Library, BUET General BookCirculation sectionCentral Library, BUET2015-05-182015-05-18
660.28/JEN/19631429452   2015-05-18 660_280000000000000_JEN_1963Central Library, BUET General BookCirculation sectionCentral Library, BUET2015-05-182015-05-18
660.28/JEN/19631522436   2015-05-18 660_280000000000000_JEN_1963Central Library, BUET General BookCirculation sectionCentral Library, BUET2015-05-182015-05-18
660.28/JEN/19631629456   2015-06-17 660_280000000000000_JEN_1963Central Library, BUET Reading ItemReading sectionCentral Library, BUET2015-06-172015-06-17
660.28/JEN/19631729455.   2015-06-18 660_280000000000000_JEN_1963Central Library, BUET Reading ItemReading sectionCentral Library, BUET2015-06-182015-06-18
660.28/JEN/19631822439   2015-07-10 660_280000000000000_JEN_1963Central Library, BUET Reading ItemReading sectionCentral Library, BUET2015-07-102015-07-10